Pro JavaScript techniques / (Record no. 147)

MARC details
000 -LEADER
fixed length control field 01018cam a22002897a 4500
001 - CONTROL NUMBER
control field 15166864
005 - DATE AND TIME OF LATEST TRANSACTION
control field 20200421093820.0
008 - FIXED-LENGTH DATA ELEMENTS--GENERAL INFORMATION
fixed length control field 080204s2006 caua 001 0 eng d
010 ## - LIBRARY OF CONGRESS CONTROL NUMBER
LC control number 2008297050
020 ## - INTERNATIONAL STANDARD BOOK NUMBER
International Standard Book Number 1590597273 (pbk.)
020 ## - INTERNATIONAL STANDARD BOOK NUMBER
International Standard Book Number 9781590597279 (pbk.)
035 ## - SYSTEM CONTROL NUMBER
System control number (OCoLC)ocm80016686
040 ## - CATALOGING SOURCE
Original cataloging agency DPL
Transcribing agency DPL
Modifying agency BAKER
-- YDXCP
-- CDS
-- IXA
-- BTCTA
-- UV0
-- VRC
-- DLC
042 ## - AUTHENTICATION CODE
Authentication code lccopycat
050 00 - LIBRARY OF CONGRESS CALL NUMBER
Classification number QA76.73.J39
Item number R47 2006
082 04 - DEWEY DECIMAL CLASSIFICATION NUMBER
Classification number 005.13/3
Edition information 22
100 1# - MAIN ENTRY--PERSONAL NAME
Personal name Resig, John.
9 (RLIN) 797
245 10 - TITLE STATEMENT
Title Pro JavaScript techniques /
Statement of responsibility, etc. John Resig.
260 ## - PUBLICATION, DISTRIBUTION, ETC.
Place of publication, distribution, etc. Berkeley, Calif. :
Name of publisher, distributor, etc. Apress ;
Place of publication, distribution, etc. New York :
Name of publisher, distributor, etc. Distributed to the book trade worldwide by Springer-Verlag New York,
Date of publication, distribution, etc. c2006.
300 ## - PHYSICAL DESCRIPTION
Extent xix, 359 p. :
Other physical details ill. ;
Dimensions 24 cm.
440 #0 - SERIES STATEMENT/ADDED ENTRY--TITLE
Title Expert's voice in Web development
500 ## - GENERAL NOTE
General note Includes index.
650 #0 - SUBJECT ADDED ENTRY--TOPICAL TERM
Topical term or geographic name entry element JavaScript (Computer program language)
9 (RLIN) 379
906 ## - LOCAL DATA ELEMENT F, LDF (RLIN)
a 7
b cbc
c copycat
d 2
e ncip
f 20
g y-gencatlg
942 ## - ADDED ENTRY ELEMENTS (KOHA)
Source of classification or shelving scheme Dewey Decimal Classification
Koha item type Books
Holdings
Withdrawn status Lost status Damaged status Not for loan Collection Home library Current library Shelving location Date acquired Barcode Date last seen Price effective from Koha item type
        Reference Fairview Fairview General stacks 09/04/2014 39999000006179 09/04/2014 09/04/2014 Books